000 01673nam a22003373i 4500
001 991025470322207026
003 UkOxU
005 20250515074233.0
006 m o d |
007 cr cnu||||||||
008 231214s2024 xx o ||||0 eng d
020 _a9781914420627
035 _a(MiAaPQ)EBC30735571
035 _a(Au-PeEL)EBL30735571
035 _a(OCoLC)1414468009
035 _a(CKB)29351019100041
035 _a(Exl-AI)30735571
035 _a(EXLCZ)9929351019100041
040 _aMiAaPQ
_beng
_erda
_epn
_cMiAaPQ
_dMiAaPQ
041 _aeng
050 _aB3317
_b.T88 2024
100 _aTutt, Daniel
_925241
_eauthor
245 1 0 _aHow to read like a parasite
_b: why the left got high on Nietzsche
_c/ Daniel Tutt.
250 _aFirst edition.
264 1 _aNew York :
_bWatkins Media,
_c2024.
300 _a353 pages ;
_c19 cm.
520 _aDaniel Tutt's book offers a critical examination of Nietzsche's philosophy from a Marxist perspective, emphasizing the need to contextualize Nietzsche historically rather than simply condemning him. Tutt challenges leftist interpretations of Nietzsche, arguing that Nietzsche's philosophy aligns more closely with reactionary and hierarchical ideologies, opposing socialist principles. The book explores Nietzsche's influence on both the right and left, highlighting his impact on capitalist ideology and individualism. Tutt provides a nuanced critique, acknowledging Nietzsche's genius while exposing the limitations and contradictions within his thought, particularly in relation to Marxism and socialism.
650 0 _aPhilosophy, German
_925242
650 0 _aCapitalism
_95206
942 _2lcc
999 _c4667
_d4667